Використання науково- популярних текстів для навчання читання англійською мовою на старшому етапі ЗОШ (9-й клас) (Запис № 281826)

МАРК-запис
000 -LEADER
fixed length control field 02194nam a22001577a 4500
041 ## - LANGUAGE CODE
Language code of text/sound track or separate title ukr
080 ## - UNIVERSAL DECIMAL CLASSIFICATION NUMBER
Universal Decimal Classification number 09
090 ## - LOCALLY ASSIGNED LC-TYPE CALL NUMBER (OCLC); LOCAL CALL NUMBER (OCLC)
Local cutter number (OCLC) ; Book number/undivided call number, CALL (RLIN) ПЯН
100 ## - MAIN ENTRY--PERSONAL NAME
Personal name Пянковська І. В.
245 ## - TITLE STATEMENT
Title Використання науково- популярних текстів для навчання читання англійською мовою на старшому етапі ЗОШ (9-й клас)
260 ## - PUBLICATION, DISTRIBUTION, ETC. (IMPRINT)
Place of publication, distribution, etc Острог
Name of publisher, distributor, etc КАФ
Date of publication, distribution, etc 2003
300 ## - PHYSICAL DESCRIPTION
Extent 45
520 ## - SUMMARY, ETC.
Summary, etc Розділ 1. Теоретичні аспекти оптимізації процесу навчання читання англійською мовою в 9 класі середньої загальноосвітньої школи.<br/>1.1. Особливості текстів науково-популярного змісту, принципи їх відбору і застосування на старшому етапі середньої ЗОШ.<br/>1.2. Розвиток мотивації учнів до читання англійською мовою за допомогою науково-популярних текстів.<br/>1.3. Здійснення індивідуалізації в процесі навчання читання англійською мовою на старшому етапі середньої школи.<br/>Розділ 2. Навчання читання англійською мовою на середньому етапі середньої ЗОШ на основі науково-популярних текстів.<br/>2.1. Формування навичок і розвиток умінь читання на основі текстів науково-популярного характеру.<br/>2.2. Методика використання науково-популярних текстів для навчання читання англійською мовою на старшому етапі середньої ЗОШ.<br/>2.3. Фрагмент уроку для навчання читання в 9-му класі середньої загальноосвітньої школи.
-- Навчання, читання, уміння.
650 ## - SUBJECT ADDED ENTRY--TOPICAL TERM
Topical term or geographic name as entry element Research Papers
942 ## - ADDED ENTRY ELEMENTS (KOHA)
Koha item type Книги
Фонди
Withdrawn status Lost status Source of classification or shelving scheme Damaged status Not for loan Home library Current library Date acquired Source of acquisition Coded location qualifier Cost, normal purchase price Total Checkouts Full call number Barcode Date last seen Price effective from Koha item type
    Universal Decimal Classification     ВІЛ - Відділ іноземн. літератури НБ ВІЛ - Відділ іноземн. літератури НБ 08/08/2005 Акт 03\01 В11 1.00   09 208756 20/12/2021 01/09/2003 Книги